Revisión de las tribus Barnadesieae y Mutisieae (Asteraceae) para la (Registro nro. 767)

Detalles MARC
000 -CABECERA
Campo de control 00708nam a2200217 a 4500
005 - FECHA Y HORA DE LA ULTIMA TRANSACCION
Campo de control 20191224041541.0
008 - ELEMENTOS DE LONGITUD FIJA—INFORMACION GENERAL
Campo de control 140221b1993 ck ||||| |||| 00| 0 spa d
040 ## - FUENTE DE CATALOGACIÓN
Agencia catalogadora original CO-BoIAVH
Agencia transcriptora CO-BoIAVH
041 ## - IDIOMA
Código de idioma para texto/pista de sonido o título separado Español
044 ## - PAÍS DE PUBLICACIÓN
País de publicación Colombia
082 ## - NUMERO DE CLASIFICACION DECIMAL DEWEY
Número de clasificación 580.9861
Número del ítem M75r
100 1# - ASIENTO PRINCIPAL--NOMBRE PERSONAL
Nombre personal Díaz Piedrahita, Santiago
245 ## - MENCION DE TITULO
Título Revisión de las tribus Barnadesieae y Mutisieae (Asteraceae) para la
Parte restante del título Flora de Colombia
260 ## - PUBLICACION, DISTRIBUCION, ETC. (PIE DE IMPRENTA)
Lugar de publicación, distribución, etc. Bogotá
Nombre del editor, distribuidor, etc. Jardín Botánico de Bogotá José Celestino Mutis
Fecha de publicación, distribución, etc. 1993
300 ## - DESCRIPCION FISICA
Extensión 162 paginas
650 #6 - ASIENTO SECUNDARIO DE MATERIA - TERMINO TEMATICO
Término temático o nombre geográfico como elemento de entrada Claves taxonómicas
650 #4 - ASIENTO SECUNDARIO DE MATERIA - TERMINO TEMATICO
Término temático o nombre geográfico como elemento de entrada Barnadesieae
650 #6 - ASIENTO SECUNDARIO DE MATERIA - TERMINO TEMATICO
Término temático o nombre geográfico como elemento de entrada Flora de Colombia
Subdivisión de forma Botánica
700 ## - ASIENTO SECUNDARIO - NOMBRE PERSONAL
Nombre personal Vélez Nauer, Cristina
942 ## - ELEMENTOS ADICIONALES (KOHA)
Tipo de ítem Libro
Sistema de clasificación Dewey Decimal Classification
Existencias
Withdrawn status Lost status Sistema de Clasificación Damaged status No para préstamo Colección Fecha publicación (Año) Inventariado Ubicación Permanente Ubicación actual Fecha de adquisición Fuente de Valor Valor Total Checkouts Número topográfico Inventario / Código de Barras Date last seen Ejemplar Price effective from Forma de adquisición Tipo de material
    Dewey Decimal Classification     General 1993 Inventariado 2017 Bogotá Bogotá 09/07/1998 Instituto 39000.00   LB-580.9861 M75r 001091 04/12/2012 Ej. 1 04/12/2012   Libro
    Dewey Decimal Classification     General   Inventariado 2017 Sala Fabio Quevedo Sala Fabio Quevedo 23/06/2005 Instituto 39000.00   LB-580.9861 M75r 016895 04/12/2012 Ej. 2 04/12/2012 Donación Libro